NBA Steals Champions - Statistics

General Stats
  • This quiz has been taken 35 times
  • The average score is 31 of 51
Answer Stats
Season Team Player % Correct
1987-88 Chicago Bulls Michael Jordan
97%
1989-90 Chicago Bulls Michael Jordan
97%
1992-93 Chicago Bulls Michael Jordan
97%
2015-16 Golden State Warriors Stephen Curry
97%
2007-08 New Orleans Hornets Chris Paul
94%
2008-09 New Orleans Hornets Chris Paul
94%
2010-11 New Orleans Hornets Chris Paul
94%
2011-12 Los Angeles Clippers Chris Paul
94%
2012-13 Los Angeles Clippers Chris Paul
94%
2013-14 Los Angeles Clippers Chris Paul
94%
1995-96 Seattle SuperSonics Gary Payton
94%
2016-17 Golden State Warriors Draymond Green
90%
2014-15 San Antonio Spurs Kawhi Leonard
90%
1980-81 Los Angeles Lakers Magic Johnson
90%
1981-82 Los Angeles Lakers Magic Johnson
90%
1983-84 Utah Jazz Rickey Green
90%
2000-01 Philadelphia 76ers Allen Iverson
87%
2001-02 Philadelphia 76ers Allen Iverson
87%
2002-03 Philadelphia 76ers Allen Iverson
87%
2023-24 Sacramento Kings De'Aaron Fox
87%
1988-89 Utah Jazz John Stockton
87%
1991-92 Utah Jazz John Stockton
87%
2009-10 Boston Celtics Rajon Rondo
87%
1994-95 Chicago Bulls Scottie Pippen
77%
2024-25 Atlanta Hawks Dyson Daniels
74%
2020-21 Miami Heat Jimmy Butler
71%
2018-19 Oklahoma City Thunder Paul George
71%
2019-20 Philadelphia 76ers Ben Simmons
61%
1985-86 San Antonio Spurs Alvin Robertson
58%
1990-91 Milwaukee Bucks Alvin Robertson
58%
1974-75 Golden State Warriors Rick Barry
58%
2003-04 New Orleans Hornets Baron Davis
52%
2006-07 Golden State Warriors Baron Davis
52%
2017-18 Indiana Pacers Victor Oladipo
48%
2021-22 San Antonio Spurs Dejounte Murray
45%
1996-97 Atlanta Hawks Mookie Blaylock
35%
1997-98 Atlanta Hawks Mookie Blaylock
35%
2005-06 Charlotte Bobcats Gerald Wallace
26%
1979-80 New York Knicks Michael Ray Richardson
26%
1982-83 New Jersey Nest Michael Ray Richardson
26%
1984-85 New Jersey Nets Michael Ray Richardson
26%
1993-94 Seattle SuperSonics Nate McMillan
23%
2022-23 Toronto Raptors OG Anunoby
23%
1999-00 Charlotte Hornets Eddie Jones
19%
1998-99 New Jersey Nets Kendall Gill
16%
1976-77 Indiana Pacers Don Buse
10%
2004-05 Washington Wizards Larry Hughes
10%
1975-76 Seattle SuperSonics Slick Watts
10%
1978-79 Detroit Pistons M.L. Carr
6%
1973-74 Portland Trail Blazers Larry Steele
3%
1977-78 Phoenix Suns Ron Lee
3%
No matching quizzes found
Score Distribution
Percent of People with Each Score
Percentile by Number Answered
Your Score History
You have not taken this quiz